Statistics for World Capitals Containing C - Two Minute Sprint

Click here to take the quiz!

General Stats

  • This quiz has been taken 540 times
  • The average score is 16 of 30

Answer Stats

Capital% Correct
Canberra
80%
Cairo
77%
Caracas
77%
Copenhagen
73%
Mexico City
73%
Accra
72%
Chișinău
69%
Castries
66%
Conakry
63%
Cape Town
61%
Bucharest
58%
Guatemala City
58%
Panama City
58%
Vatican City
57%
Tegucigalpa
55%
Moscow
54%
Stockholm
51%
Podgorica
47%
Asunción
45%
Kuwait City
45%
Port-au-Prince
42%
Sucre
39%
Monaco
37%
Nicosia
36%
Nouakchott
36%
Victoria
35%
Muscat
33%
Colombo
30%
Cotonou
29%
Damascus
27%

Score Distribution

Percentile by Number Answered

Percent of People with Each Score

Your Score History

You have not taken this quiz